Rukoväť vynálezcu a zlepšovateľa

Na minha lista:
Detalhes bibliográficos
Autor principal: Špindler, Karel
Outros Autores: Vondrák, Vlastislav
Formato: Livro
Idioma:eslovaco
Publicado em: Bratislava Práca 1989
Edição:2. vyd.
Colecção:Knižnica mzdových a pracovnoprávnych príručiek Zv.3/89
Tags: Adicionar Tag
Sem tags, seja o primeiro a adicionar uma tag!

MARC

LEADER 00000nam a2200000 4500
001 c040661
005 20221215071442.9
041 0 |a slo 
044 |a SK 
245 1 0 |a Rukoväť vynálezcu a zlepšovateľa  |c Karel Špindler, Vlastislav Vondrák 
250 |a 2. vyd. 
264 1 |a Bratislava  |b Práca  |c 1989 
300 |a 250 s. 
490 1 |a Knižnica mzdových a pracovnoprávnych príručiek  |v Zv.3/89 
830 0 |a Knižnica mzdových a pracovnoprávnych príručiek  |v Zv.3/89 
100 1 |a Špindler, Karel 
700 1 |a Vondrák, Vlastislav